K problematike komerčného poistenia podnikateľov v Slovenskej republike

Členenie poistenia podnikateľov na komerčné poistenie podnikateľov a verejné poistenie podnikateľov. Čo obsahuje verejné poistenie podnikateľov. Komerčné poistenie podnikateľov - charakteristika. Zmluvné poistenie zodpovednosti za škodu.

Na minha lista:
Detalhes bibliográficos
Autor principal: Drugdová, Barbora
Formato: Capítulo de Livro
Idioma:eslovaco
Assuntos:
Tags: Adicionar Tag
Sem tags, seja o primeiro a adicionar uma tag!

MARC

LEADER 00000naa$a2200000$$$4500
001 0081924
005 20240502071924.0
041 0 |a slo 
044 |a SK 
245 1 0 |a K problematike komerčného poistenia podnikateľov v Slovenskej republike  |c Barbora Drugdová 
520 |a Členenie poistenia podnikateľov na komerčné poistenie podnikateľov a verejné poistenie podnikateľov. Čo obsahuje verejné poistenie podnikateľov. Komerčné poistenie podnikateľov - charakteristika. Zmluvné poistenie zodpovednosti za škodu. 
610 2 0 |a poistenie 
610 2 0 |a poistenie sociálne 
610 2 0 |a poistenie zodpovednosti za škody 
610 2 0 |a podnikatelia 
610 2 0 |a zmluvy poistné 
100 1 |a Drugdová, Barbora